WWF Royal Rumble 1989 Entrants - Statistics

General Stats
  • This quiz has been taken 30 times
  • The average score is 24 of 30
Answer Stats
Draw Entrant % Correct
3 André the Giant
100%
18 Hulk Hogan
100%
7 Jake Roberts
100%
15 Randy Savage
100%
30 Ted DiBiase
100%
27 Big John Studd
95%
14 Marty Jannetty
95%
29 Rick Martel
95%
9 Shawn Michaels
95%
12 Tito Santana
95%
1 Ax
84%
6 Greg Valentine
84%
2 Smash
84%
23 Akeem
79%
22 Big Boss Man
79%
4 Mr. Perfect
79%
13 Bad News Brown
74%
10 Bushwhacker Butch
74%
19 Bushwhacker Luke
74%
25 The Red Rooster
74%
5 Ronnie Garvin
68%
26 The Barbarian
68%
21 The Warlord
68%
16 Arn Anderson
63%
24 Brutus Beefcake
63%
28 Hercules
63%
11 The Honky Tonk Man
63%
17 Tully Blanchard
63%
20 Koko B. Ware
58%
8 Ron Bass
42%
No matching quizzes found
Score Distribution
Percent of People with Each Score
Percentile by Number Answered
Your Score History
You have not taken this quiz